[Event "Bargteheide op"]
[Site "Bargteheide"]
[Date "2010.05.14"]
[Round "3"]
[White "Kulik, David"]
[Black "Schmidt, Harald"]
[Result "0-1"]
[WhiteElo "2206"]
[BlackElo "2416"]
[PlyCount "96"]
[EventDate "2010.05.13"]
[EventType "swiss"]
[EventRounds "7"]
[EventCountry "GER"]
[SourceTitle "CBM 136 Extra"]
[Source "ChessBase"]
[SourceDate "2010.07.02"]
[SourceVersion "2"]
[SourceVersionDate "2010.07.15"]
[SourceQuality "1"]

1. e4 c5 2. Nf3 d6 3. c3 Nf6 4. Be2 Nbd7 5. d3 b6 6. 0-0 Bb7 7. Nbd2 e6 8. Re1 Be7 9. Bf1 0-0 10. d4 cxd4 11. cxd4 e5 12. d5 a5 13. b3 Nc5 14. Ba3 Nfd7 15. Bc4 Qb8 16. Nf1 Rc8 17. Ng3 g6 18. Bc1 Ba6 19. Bxa6 Nxa6 20. a3 Nac5 21. Be3 a4 22. bxa4 Qa7 23. Qe2 Qxa4 24. Nd2 Nf6 25. f3 h5 26. Nh1 Ncd7 27. Nf2 Rc3 28. Nb1 Rc2 29. Qd3 Rac8 30. Nd1 Nc5 31. Bxc5 R8xc5 32. Ne3 Rc1 33. Nd2 R5c3 34. Qe2 Rxa1 35. Rxa1 Qd4 36. Re1 h4 37. Ndf1 Nh5 38. Kh1 Bg5 39. Nc2 Qc5 40. Nb4 Nf4 41. Qb2 Rb3 42. Qc2 Rxa3 43. Qxc5 bxc5 44. Nc2 Rc3 45. Nce3 c4 46. g3 Nd3 47. Rb1 h3 48. Kg1 Rb3 0-1

[Event "Nuremberg LGA Cup 5th"]
[Site "Nuremberg"]
[Date "2008.09.07"]
[Round "7"]
[White "Kulik, David"]
[Black "Knoblauch, Leonhard"]
[Result "1-0"]
[WhiteElo "2205"]
[BlackElo "2009"]
[PlyCount "29"]
[EventDate "2008.09.04"]
[EventType "swiss"]
[EventRounds "7"]
[EventCountry "GER"]
[SourceTitle "CBM 126 Extra"]
[Source "ChessBase"]
[SourceDate "2008.11.05"]
[SourceVersion "1"]
[SourceVersionDate "2008.11.05"]
[SourceQuality "1"]

1. e4 c5 2. Nf3 Nc6 3. Bb5 g6 4. 0-0 Bg7 5. Re1 e6 6. Bxc6 bxc6 7. e5 Ne7 8. Nc3 Nf5 9. Ne4 c4 10. d4 cxd3 11. Qxd3 a6 12. Bd2 0-0 13. Bb4 Qb6 14. Bc5 Qxb2 15. Rab1 1-0

[Event "Nuremberg LGA Cup 5th"]
[Site "Nuremberg"]
[Date "2008.09.05"]
[Round "3"]
[White "Suess, Helmut"]
[Black "Kulik, David"]
[Result "0-1"]
[WhiteElo "2001"]
[BlackElo "2205"]
[PlyCount "99"]
[EventDate "2008.09.04"]
[EventType "swiss"]
[EventRounds "7"]
[EventCountry "GER"]
[SourceTitle "CBM 126 Extra"]
[Source "ChessBase"]
[SourceDate "2008.11.05"]
[SourceVersion "1"]
[SourceVersionDate "2008.11.05"]
[SourceQuality "1"]

1. d4 d5 2. Bf4 Nf6 3. e3 c5 4. c3 Nc6 5. Nd2 Qb6 6. Qb3 c4 7. Qxb6 axb6 8. a3 b5 9. Rc1 Bf5 10. Be2 e6 11. h3 h6 12. Ngf3 Be7 13. Bd1 Nd7 14. 0-0 g5 15. Bg3 Nb6 16. Ne1 Na4 17. Bxa4 bxa4 18. Nc2 Bxc2 19. Rxc2 Ra5 20. e4 Kd7 21. exd5 exd5 22. Re1 Rb5 23. Nf3 f6 24. Kf1 Ra8 25. Ree2 Ra6 26. Ke1 Rab6 27. Kd1 Na5 28. Nh2 h5 29. Nf1 Rb3 30. Ne3 R6b5 31. f3 Nc6 32. Ke1 Nd8 33. Kf2 Ne6 34. Nf5 Bf8 35. Bh2 Rb6 36. Ne3 R3b5 37. g4 h4 38. Nf5 Rc6 39. Rcd2 Rcb6 40. Rc2 Rc6 41. Rcd2 Ng7 42. Nxg7 Bxg7 43. Kg2 Rbb6 44. Re1 Re6 45. Rxe6 Rxe6 46. Kf2 Bf8 47. Re2 Rb6 48. Ke1 Rb3 49. Rc2 b5 50. Kd2 0-1

[Event "Blackpool op 31st"]
[Site "Blackpool"]
[Date "2007.03.17"]
[Round "2"]
[White "Costello, Colin"]
[Black "Kulik, David"]
[Result "1/2-1/2"]
[WhiteElo "2021"]
[BlackElo "2172"]
[PlyCount "96"]
[EventDate "2007.03.16"]
[EventType "swiss"]
[EventRounds "5"]
[EventCountry "ENG"]
[SourceTitle "CBM 117 Extra"]
[Source "ChessBase"]
[SourceDate "2007.05.09"]
[SourceVersion "1"]
[SourceVersionDate "2007.05.09"]
[SourceQuality "1"]

1. c4 e5 2. g3 Nf6 3. Bg2 c6 4. d4 e4 5. Nc3 d5 6. Bg5 Bb4 7. Qb3 Bxc3+ 8. bxc3 Nbd7 9. f3 exf3 10. Nxf3 h6 11. Bf4 0-0 12. 0-0 dxc4 13. Qxc4 Nb6 14. Qd3 Be6 15. Ne5 Nfd7 16. Nf3 Bc4 17. Qc2 Qe7 18. Rfe1 f5 19. e4 fxe4 20. Rxe4 Qf7 21. Rae1 Rfe8 22. Ne5 Nxe5 23. Bxe5 Qg6 24. Qd1 Be6 25. Bf1 Bf5 26. R4e3 Nd5 27. Bc4 Kh7 28. Rf3 Kh8 29. Qd2 Qh5 30. Rxf5 Qxf5 31. Qxh6+ Qh7 32. Qd2 Kg8 33. Bd3 Qh6 34. Qc2 Rf8 35. Re4 Rf3 36. Bc4 Raf8 37. Bf4 R8xf4 38. Rxf4 Rxf4 39. gxf4 Qxf4 40. Qe2 Qc1+ 41. Kf2 Qf4+ 42. Kg2 Qg5+ 43. Kf2 Kf8 44. Bxd5 cxd5 45. Qb2 Qf4+ 46. Kg2 Qg4+ 47. Kf2 Qf4+ 48. Kg2 Qg4+ 1/2-1/2

[Event "Nord West Cup 08th"]
[Site "Bad Zwischenahn"]
[Date "2006.02.03"]
[Round "2"]
[White "Kulik, David"]
[Black "Thinius, Marco"]
[Result "1/2-1/2"]
[WhiteElo "2134"]
[BlackElo "2343"]
[PlyCount "42"]
[EventDate "2006.02.02"]
[EventType "swiss"]
[EventRounds "7"]
[EventCountry "GER"]
[SourceTitle "EXT 2007"]
[Source "ChessBase"]
[SourceDate "2006.11.23"]
[SourceVersion "1"]
[SourceVersionDate "2006.11.23"]
[SourceQuality "1"]

1. e4 e5 2. Nf3 d6 3. d4 exd4 4. Nxd4 Nf6 5. Nc3 Be7 6. Bf4 0-0 7. Qd2 c6 8. 0-0-0 b5 9. f3 b4 10. Nce2 c5 11. Nb3 c4 12. Nbd4 Qa5 13. Kb1 Rd8 14. a3 c3 15. axb4 Qxb4 16. Nxc3 a6 17. g4 Ra7 18. Qe3 Rb7 19. Nb3 Be6 20. Nd5 Bxd5 21. exd5 Re8 1/2-1/2

[Event "Solingen op-A"]
[Site "Solingen"]
[Date "2005.05.27"]
[Round "3"]
[White "Kulik, David"]
[Black "Lamprecht, Mark"]
[Result "0-1"]
[WhiteElo "2090"]
[BlackElo "2252"]
[PlyCount "78"]
[EventDate "2005.05.26"]
[EventType "swiss"]
[EventRounds "7"]
[EventCountry "GER"]
[SourceTitle "EXT 2006"]
[Source "ChessBase"]
[SourceDate "2005.11.24"]
[SourceVersion "1"]
[SourceVersionDate "2005.11.24"]
[SourceQuality "1"]

1. e4 c6 2. d4 d5 3. Nc3 dxe4 4. Nxe4 Nf6 5. Nxf6+ gxf6 6. c3 Bf5 7. Ne2 e6 8. Ng3 Bg6 9. h4 h6 10. h5 Bh7 11. Bd3 Bxd3 12. Qxd3 Qc7 13. Qf3 f5 14. Bf4 Bd6 15. Bxd6 Qxd6 16. 0-0-0 Qd5 17. Qxd5 cxd5 18. c4 dxc4 19. d5 Na6 20. dxe6 fxe6 21. Rhe1 Nc5 22. Kc2 Kf7 23. Re5 Rac8 24. Rd6 Kf6 25. f4 Rhg8 26. Nxf5 Rxg2+ 27. Kc3 a5 28. Kd4 Rxb2 29. Rxc5 Rd2+ 30. Kxc4 Rc2+ 31. Kb3 R8xc5 32. Nxh6 R5c3+ 33. Ka4 Rxa2+ 34. Kb5 Rb2+ 35. Ka4 Rc1 36. Ka3 Rb5 37. Ka2 Rxh5 38. Ng4+ Kf5 39. Ne5 b5 0-1

[Event "NRW Class1 0304"]
[Site "Germany"]
[Date "2004.03.28"]
[Round "8.6"]
[White "Heuermann, Heinz Burkhard"]
[Black "Kulik, David"]
[Result "0-1"]
[WhiteElo "2035"]
[BlackElo "2092"]
[PlyCount "90"]
[EventDate "2003.09.28"]
[EventType "team"]
[EventRounds "9"]
[EventCountry "GER"]
[SourceTitle "CBM 098 Extra"]
[Source "ChessBase"]
[SourceDate "2004.03.10"]
[SourceVersion "2"]
[SourceVersionDate "2004.03.10"]
[SourceQuality "1"]
[WhiteTeam "Herford"]
[BlackTeam "Plettenberg"]
[WhiteTeamCountry "GER"]
[BlackTeamCountry "GER"]

1. Nf3 d5 2. d3 Nf6 3. Nbd2 c5 4. g3 Nc6 5. e4 e6 6. Bg2 Be7 7. c3 0-0 8. 0-0 Qc7 9. Re1 dxe4 10. dxe4 e5 11. h3 h6 12. Qe2 Be6 13. b3 Rfd8 14. Bb2 a6 15. Rad1 Bf8 16. Nh4 Rd7 17. Nf1 Rad8 18. Ne3 Qa5 19. Ba1 Rxd1 20. Rxd1 Rxd1+ 21. Qxd1 Qxa2 22. Nd5 c4 23. b4 a5 24. bxa5 Nxa5 25. Nb4 Qb3 26. Nc2 Bd7 27. Nf5 Ba4 28. Nfe3 Qa2 29. Qc1 Bxc2 30. Nxc2 Nb3 31. Qb2 Qa7 32. Qb1 Bc5 33. Bb2 Bxf2+ 34. Kh2 Nh5 35. Qd1 Bxg3+ 36. Kh1 Nf4 37. Qd8+ Kh7 38. Qc8 Qa2 39. Qf5+ Ng6 40. Ne3 Qxb2 41. Ng4 Qc1+ 42. Bf1 Nd2 43. Ne3 Nxf1 44. Nxf1 Qf4 45. Kg2 Be1 0-1

[Event "NRW Class1 0304"]
[Site "Germany"]
[Date "2003.09.28"]
[Round "1.7"]
[White "Kulik, David"]
[Black "Marcks, Martin"]
[Result "0-1"]
[WhiteElo "2092"]
[BlackElo "2222"]
[PlyCount "62"]
[EventDate "2003.09.28"]
[EventType "team"]
[EventRounds "9"]
[EventCountry "GER"]
[SourceTitle "CBM 098 Extra"]
[Source "ChessBase"]
[SourceDate "2004.03.10"]
[SourceVersion "2"]
[SourceVersionDate "2004.03.10"]
[SourceQuality "1"]
[WhiteTeam "Plettenberg"]
[BlackTeam "Koeln Brueck"]
[WhiteTeamCountry "GER"]
[BlackTeamCountry "GER"]

1. e4 c5 2. Nf3 d6 3. Bb5+ Bd7 4. Bxd7+ Nxd7 5. 0-0 Ngf6 6. Qe2 e6 7. c3 Be7 8. d4 Qb6 9. e5 dxe5 10. dxe5 Nd5 11. Rd1 h6 12. Nbd2 0-0-0 13. Ne4 g5 14. Nd6+ Bxd6 15. exd6 Qxd6 16. g3 Qc6 17. c4 N5f6 18. Be3 Ne4 19. Rd3 g4 20. Nh4 Ng5 21. Bxg5 hxg5 22. Ng2 f6 23. Rad1 Ne5 24. Rxd8+ Rxd8 25. Rxd8+ Kxd8 26. b3 Nf3+ 27. Kh1 Ke7 28. Qc2 f5 29. Qc3 e5 30. Qc1 f4 31. Qb1 Qh6 0-1

[Event "Baunatal op 8th"]
[Site "Baunatal"]
[Date "2002.08.10"]
[Round "4"]
[White "Kulik, David"]
[Black "Mantler, Hendrik"]
[Result "1/2-1/2"]
[WhiteElo "2132"]
[BlackElo "1923"]
[PlyCount "35"]
[EventDate "2002.08.09"]
[EventType "swiss"]
[EventRounds "7"]
[EventCountry "GER"]
[SourceTitle "EXT 2003"]
[Source "ChessBase"]
[SourceDate "2002.11.25"]
[SourceVersion "1"]
[SourceVersionDate "2002.11.25"]
[SourceQuality "1"]

1. e4 c5 2. Nf3 e6 3. d3 g6 4. g3 Bg7 5. Bg2 Ne7 6. 0-0 0-0 7. Nc3 d6 8. Be3 Nbc6 9. Nh4 Nd4 10. f4 Qc7 11. Qd2 Bd7 12. h3 Rae8 13. Nd1 Kh8 14. c3 Ndc6 15. Nf2 b5 16. Nf3 Rb8 17. g4 f5 18. Rae1 1/2-1/2

[Event "Oberliga NRW 0102 II"]
[Site "Germany"]
[Date "2002.03.10"]
[Round "7.5"]
[White "Gikas, Andreas Basilius"]
[Black "Kulik, David"]
[Result "1/2-1/2"]
[WhiteElo "2247"]
[BlackElo "2113"]
[PlyCount "20"]
[EventDate "2001.10.??"]
[EventType "team"]
[EventRounds "9"]
[EventCountry "GER"]
[SourceTitle "EXT 2004"]
[Source "ChessBase"]
[SourceDate "2003.11.25"]
[SourceVersion "1"]
[SourceVersionDate "2003.11.25"]
[SourceQuality "1"]
[WhiteTeam "Godesberg II"]
[BlackTeam "Plettenberg"]
[WhiteTeamCountry "GER"]
[BlackTeamCountry "GER"]

1. e4 e5 2. Nf3 Nf6 3. Nc3 Nc6 4. Bb5 Nd4 5. Ba4 c6 6. 0-0 Qa5 7. d3 Bb4 8. Bb3 Nxb3 9. cxb3 Bxc3 10. bxc3 d6 1/2-1/2

[Event "Suedwestfalen Verbandsklasse 0001"]
[Site "Suedwestfalen"]
[Date "2001.02.11"]
[Round "6"]
[White "Schmidt, Volker1111"]
[Black "Kulik, David"]
[Result "1/2-1/2"]
[WhiteElo "1959"]
[BlackElo "1890"]
[PlyCount "82"]
[EventDate "2000.09.17"]
[EventType "team"]
[EventRounds "9"]
[EventCountry "GER"]
[SourceTitle "EXT 2007"]
[Source "ChessBase"]
[SourceDate "2006.11.23"]
[SourceVersion "1"]
[SourceVersionDate "2006.11.23"]
[SourceQuality "1"]
[WhiteTeam "Plettenberg II"]
[BlackTeam "Halver"]
[WhiteTeamCountry "GER"]
[BlackTeamCountry "GER"]

1. e4 e5 2. Nc3 Nf6 3. f4 d5 4. fxe5 Nxe4 5. d3 Nxc3 6. bxc3 d4 7. Nf3 dxc3 8. Be2 Nc6 9. 0-0 Nd4 10. Kh1 Nxe2 11. Qxe2 Be7 12. Qe1 Be6 13. Qxc3 Qd5 14. Be3 c5 15. Bc1 0-0 16. Bg5 Bxg5 17. Nxg5 Qd4 18. Qe1 Rae8 19. Qg3 Qg4 20. Qxg4 Bxg4 21. Rae1 h6 22. Nf3 Bxf3 23. gxf3 Re6 24. Re4 b5 25. c3 Ra6 26. Rb1 Rd8 27. d4 b4 28. cxb4 cxd4 29. Rb2 Rc6 30. Rd2 Rc1+ 31. Kg2 d3 32. Re3 Rc3 33. Kg3 Rd4 34. f4 g6 35. h3 Kf8 36. h4 h5 37. e6 fxe6 38. Rxe6 Rc2 39. Rxc2 dxc2 40. Rc6 Rd2 41. a4 Ke7 1/2-1/2